[Event "SVK-ch U18/20"]
[Site "Tatralandia"]
[Date "2024.04.07"]
[Round "4"]
[White "Turcan, Richard"]
[Black "Rak, Martin"]
[Result "1-0"]
[WhiteElo "2365"]
[BlackElo "2221"]
[PlyCount "69"]
[EventDate "2024.04.05"]
[EventType "swiss"]
[EventRounds "9"]
[EventCountry "SVK"]
[SourceTitle "CB16_2024"]
[SourceDate "2024.04.17"]
[SourceVersion "1"]
[SourceVersionDate "2024.04.17"]
[SourceQuality "1"]

1. e4 c5 2. Nf3 d6 3. Nc3 Nf6 4. e5 dxe5 5. Nxe5 e6 6. g3 Nbd7 7. Nc4 Nb6 8. b3 Be7 9. Bg2 0-0 10. 0-0 Nbd5 11. Bb2 Rb8 12. Qe2 Re8 13. Ne5 a6 14. Rad1 Qc7 15. Ne4 Nxe4 16. Bxe4 Bf6 17. c4 Ne7 18. Bxh7+ Kf8 19. Bc2 b6 20. Rfe1 Bb7 21. Qh5 Ng8 22. d4 Rbd8 23. Ba3 Nh6 24. dxc5 bxc5 25. Rxd8 Rxd8 26. Ng4 Nxg4 27. Bxc5+ Ke8 28. Rxe6+ Kd7 29. Rd6+ Kc8 30. Qxg4+ Kb8 31. Rxd8+ Bxd8 32. Qd4 Be7 33. Bxe7 Qxe7 34. Qf4+ Ka8 35. Qe3 1-0

[Event "Skalica op-A"]
[Site "Skalica"]
[Date "2023.08.19"]
[Round "1"]
[White "Rak, Martin"]
[Black "Tancsa, Tamas"]
[Result "0-1"]
[WhiteElo "1964"]
[BlackElo "2240"]
[PlyCount "52"]
[EventDate "2023.08.19"]
[EventType "swiss"]
[EventRounds "9"]
[EventCountry "SVK"]
[SourceTitle "CBM 215 Extra"]
[Source "ChessBase"]
[SourceDate "2023.09.30"]
[SourceVersion "1"]
[SourceVersionDate "2023.09.30"]
[SourceQuality "1"]

1. e4 c5 2. Nf3 d6 3. Bb5+ Nd7 4. a4 a6 5. Be2 Ngf6 6. Nc3 b6 7. d4 cxd4 8. Qxd4 Bb7 9. 0-0 g6 10. e5 dxe5 11. Nxe5 Nxe5 12. Qxe5 Bg7 13. Rd1 Qc8 14. Be3 0-0 15. Qxe7 Re8 16. Qd6 Ng4 17. Bd4 Qf5 18. Bxg4 Qxg4 19. Qg3 Qf5 20. Bxg7 Kxg7 21. Qc7 Rab8 22. Qxb6 Qg5 23. Qd4+ Kg8 24. Nd5 Bxd5 25. g3 Qf5 26. g4 Qf3 0-1

[Event "SVK-chT1W 2223"]
[Site "Slovakia"]
[Date "2023.02.04"]
[Round "8.6"]
[White "Kuna, Vladimir"]
[Black "Rak, Martin"]
[Result "0-1"]
[WhiteElo "1923"]
[BlackElo "1959"]
[PlyCount "68"]
[EventDate "2022.10.15"]
[EventType "team-tourn"]
[EventRounds "11"]
[EventCountry "SVK"]
[SourceTitle "EXT 2024"]
[Source "ChessBase"]
[SourceDate "2023.10.10"]
[SourceVersion "1"]
[SourceVersionDate "2023.10.10"]
[SourceQuality "1"]
[WhiteTeam "Bratislava Slovan III"]
[BlackTeam "Bratislava KSN"]
[WhiteTeamCountry "SVK"]
[BlackTeamCountry "SVK"]

1. d4 Nf6 2. Nf3 e6 3. Bg5 h6 4. Bh4 Be7 5. e3 b6 6. c4 Bb7 7. Nc3 d6 8. h3 Nbd7 9. Be2 a6 10. 0-0 g5 11. Bg3 Rg8 12. Nh2 Qb8 13. Ng4 Nxg4 14. hxg4 Qa7 15. a3 Rd8 16. Bf3 Nf6 17. d5 e5 18. Ne4 Bc8 19. Nxf6+ Bxf6 20. e4 Ke7 21. Rc1 Rg7 22. b4 Rh8 23. c5 h5 24. cxd6+ cxd6 25. Rc3 hxg4 26. Qc2 Rgh7 27. Rc7+ Bd7 28. Bh4 Qxc7 29. Qxc7 gxf3 30. g3 gxh4 31. Qc3 hxg3 32. Qxf3 g2 33. Rd1 Rh1+ 34. Kxg2 R8h2+ 0-1

[Event "SVK-chT1W 2223"]
[Site "Slovakia"]
[Date "2023.01.14"]
[Round "7.6"]
[White "Rak, Martin"]
[Black "Berek, Geza"]
[Result "0-1"]
[WhiteElo "1959"]
[BlackElo "2173"]
[PlyCount "84"]
[EventDate "2022.10.15"]
[EventType "team-tourn"]
[EventRounds "11"]
[EventCountry "SVK"]
[SourceTitle "EXT 2024"]
[Source "ChessBase"]
[SourceDate "2023.10.10"]
[SourceVersion "1"]
[SourceVersionDate "2023.10.10"]
[SourceQuality "1"]
[WhiteTeam "Bratislava KSN"]
[BlackTeam "Levice"]
[WhiteTeamCountry "SVK"]
[BlackTeamCountry "SVK"]

1. e4 g6 2. d4 Bg7 3. Nf3 d6 4. Nc3 Nf6 5. Be3 a6 6. Qd2 b5 7. a3 0-0 8. 0-0-0 Nc6 9. Bh6 Bg4 10. Bxg7 Kxg7 11. d5 Ne5 12. Nxe5 dxe5 13. Be2 Bc8 14. Qg5 Qd6 15. f4 Nd7 16. f5 b4 17. axb4 Qxb4 18. Rd3 h6 19. Qh4 Rb8 20. Rh3 Rh8 21. fxg6 fxg6 22. Rf1 Nf6 23. Rg3 Qxb2+ 24. Kd2 Qb4 25. Bh5 Nxh5 26. Qxh5 Qd4+ 27. Kc1 Rb6 28. Qh4 Rf6 29. Rd1 Qc5 30. d6 Qa3+ 31. Kd2 Qxd6+ 32. Ke2 Qc5 33. Nd5 Qf2+ 34. Kd3 Rd8 35. Kc3 Rc6+ 36. Kb3 Qxc2+ 37. Ka3 Qc5+ 38. Ka2 Be6 39. Rc3 Qxc3 40. Qxe7+ Bf7 41. Qxd8 Qc2+ 42. Ka3 Qxd1 0-1

[Event "SVK-chT1W 2223"]
[Site "Slovakia"]
[Date "2022.10.16"]
[Round "2.7"]
[White "Mysiak, Juraj"]
[Black "Rak, Martin"]
[Result "1-0"]
[WhiteElo "1868"]
[BlackElo "1827"]
[PlyCount "93"]
[EventDate "2022.10.15"]
[EventType "team-tourn"]
[EventRounds "11"]
[EventCountry "SVK"]
[SourceTitle "EXT 2024"]
[Source "ChessBase"]
[SourceDate "2023.10.10"]
[SourceVersion "1"]
[SourceVersionDate "2023.10.10"]
[SourceQuality "1"]
[WhiteTeam "Povazska Bystrica"]
[BlackTeam "Bratislava KSN"]
[WhiteTeamCountry "SVK"]
[BlackTeamCountry "SVK"]

1. b3 e5 2. Bb2 Nc6 3. e3 Nf6 4. Nf3 d6 5. c4 Be7 6. Be2 0-0 7. 0-0 Re8 8. d4 exd4 9. exd4 Bg4 10. Nbd2 Nd7 11. d5 Nce5 12. Nxe5 Bxe2 13. Qxe2 Nxe5 14. f4 Nd7 15. Ne4 f5 16. Ng3 Bf6 17. Bxf6 Qxf6 18. Qc2 g6 19. Rae1 Kf7 20. Qd2 a6 21. Rxe8 Rxe8 22. Re1 Rxe1+ 23. Qxe1 Qd4+ 24. Qf2 Qa1+ 25. Nf1 Nc5 26. g3 b6 27. Qe2 Qd4+ 28. Qe3 Qxe3+ 29. Nxe3 Ke7 30. Nc2 Nd3 31. Nd4 a5 32. a3 a4 33. bxa4 Nb2 34. a5 bxa5 35. Nc6+ Kd7 36. Nxa5 c5 37. dxc6+ Kc7 38. Kf1 Kb6 39. Ke2 Na4 40. Nb3 Kxc6 41. Kd3 Nc5+ 42. Kc3 Ne4+ 43. Kd4 Nc5 44. Nxc5 dxc5+ 45. Ke5 h5 46. h4 Kb6 47. Kd6 1-0

[Event "Kezmarok op"]
[Site "Kezmarok"]
[Date "2022.09.24"]
[Round "1"]
[White "Rak, Martin"]
[Black "Jablonicky, Martin"]
[Result "1/2-1/2"]
[WhiteElo "1805"]
[BlackElo "2344"]
[PlyCount "113"]
[EventDate "2022.09.24"]
[EventType "swiss"]
[EventRounds "9"]
[EventCountry "SVK"]
[SourceTitle "CBM 210 Extra"]
[Source "ChessBase"]
[SourceDate "2022.11.30"]
[SourceVersion "1"]
[SourceVersionDate "2022.11.30"]
[SourceQuality "1"]

1. e4 c5 2. Nf3 a6 3. c4 e6 4. d4 cxd4 5. Nxd4 Nf6 6. Nc3 Qc7 7. Be2 Bb4 8. Qd3 Nc6 9. 0-0 0-0 10. Nxc6 dxc6 11. Rd1 e5 12. Be3 Be6 13. Rac1 Rfd8 14. Qb1 Rxd1+ 15. Nxd1 Rd8 16. Nc3 Qe7 17. Qc2 Bc5 18. Nd1 h6 19. b3 Bxe3 20. Nxe3 Rd4 21. f3 Qc5 22. Qc3 a5 23. Kf1 g5 24. Nc2 Rd7 25. Ne1 Nh5 26. Nd3 Qe3 27. Nxe5 Qxc3 28. Rxc3 Rd2 29. a4 Nf4 30. Re3 f6 31. Ng4 Bxg4 32. fxg4 Kf7 33. g3 Nxe2 34. Rxe2 Rd3 35. Rb2 Ke6 36. b4 axb4 37. Rxb4 Ra3 38. c5 Ke5 39. Kg2 Rc3 40. Rxb7 Kxe4 41. a5 Rxc5 42. Rb4+ Kd5 43. Ra4 Rb5 44. a6 Rb8 45. Ra5+ c5 46. a7 Ra8 47. Ra6 Ke4 48. Ra3 Kd5 49. Kf3 Kc4 50. Ke4 Kb4 51. Ra1 c4 52. Kd4 Kb3 53. Rc1 Rd8+ 54. Kc5 Rc8+ 55. Kd4 Rd8+ 56. Kc5 Rc8+ 57. Kd4 1/2-1/2

[Event "Liptovsky Jan op"]
[Site "Liptovsky Jan"]
[Date "2022.06.26"]
[Round "6"]
[White "Rak, Martin"]
[Black "Lis, Maksymilian"]
[Result "1-0"]
[WhiteElo "1878"]
[BlackElo "1626"]
[PlyCount "99"]
[EventDate "2022.06.23"]
[EventType "swiss"]
[EventRounds "7"]
[EventCountry "SVK"]
[SourceTitle "CBM 209 Extra"]
[Source "ChessBase"]
[SourceDate "2022.09.30"]
[SourceVersion "1"]
[SourceVersionDate "2022.09.30"]
[SourceQuality "1"]

1. e4 d5 2. exd5 Qxd5 3. Nc3 Qd8 4. Nf3 Nf6 5. Bc4 e6 6. d4 a6 7. 0-0 b5 8. Bd3 c5 9. dxc5 Bxc5 10. Ne4 Nxe4 11. Bxe4 Qxd1 12. Rxd1 Ra7 13. Bf4 Nd7 14. Ne5 Nxe5 15. Bxe5 f6 16. Bd4 Bxd4 17. Rxd4 Ke7 18. a4 Rd7 19. Rb4 Rhd8 20. Bd3 bxa4 21. Rbxa4 Rd4 22. Kf1 Rxa4 23. Rxa4 Rd6 24. Rg4 Kf7 25. Rc4 Bd7 26. Rc7 Ke8 27. Ra7 Bb5 28. Bxb5+ axb5 29. Rxg7 Rd2 30. Rc7 Kd8 31. Rc3 Ke7 32. Ke1 Rd7 33. Rh3 Ke8 34. Rh6 Rf7 35. Kd2 Kd7 36. Kc3 Kc6 37. Kb4 Kb6 38. f4 Kc6 39. Rh5 f5 40. Rh3 Rd7 41. Rd3 Ra7 42. Ra3 Rd7 43. Ra6+ Kd5 44. Kxb5 Rc7 45. c4+ Kd4 46. Rd6+ Ke4 47. Rxe6+ Kxf4 48. c5 Rg7 49. g3+ Kf3 50. c6 1-0

[Event "SVK-ch U16"]
[Site "Stara Lubovna"]
[Date "2022.05.26"]
[Round "7"]
[White "Skreko, Igor1111"]
[Black "Rak, Martin"]
[Result "1-0"]
[WhiteElo "2065"]
[BlackElo "1849"]
[PlyCount "101"]
[EventDate "2022.05.21"]
[EventType "swiss"]
[EventRounds "9"]
[EventCountry "SVK"]
[SourceTitle "CBM 208 Extra"]
[Source "ChessBase"]
[SourceDate "2022.07.31"]
[SourceVersion "1"]
[SourceVersionDate "2022.07.31"]
[SourceQuality "1"]

1. d4 Nf6 2. c4 c5 3. d5 b5 4. cxb5 g6 5. Nc3 Bg7 6. g3 a6 7. bxa6 0-0 8. Bg2 d6 9. Nf3 Nbd7 10. 0-0 Nb6 11. Rb1 Bxa6 12. b3 Ra7 13. Re1 Qa8 14. e4 Ne8 15. Qc2 Nc7 16. Bb2 Rb8 17. a4 Bc8 18. Nd2 Na6 19. Ba3 Bd7 20. Bf1 Rc8 21. Nb5 Rb7 22. Qd1 Nc7 23. Nxc7 Rbxc7 24. Bb2 Rb8 25. Bxg7 Kxg7 26. Nc4 Rcb7 27. Qc2 Nxc4 28. Bxc4 Qa5 29. Re3 Kg8 30. Rbe1 e5 31. dxe6 Bxe6 32. Rd1 Bxc4 33. Qxc4 Rb4 34. Qd5 Qb6 35. Rdd3 c4 36. a5 Qc5 37. bxc4 Rxc4 38. Ra3 Rd4 39. Qxc5 dxc5 40. e5 Rd7 41. e6 fxe6 42. Rxe6 Rc7 43. Rb6 Ra8 44. a6 Raa7 45. Kf1 Kf7 46. Ke2 Ke7 47. Kd3 Kd7 48. Kc4 Kc8 49. Rf3 Kd8 50. Rf8+ Ke7 51. Rh8 1-0

[Event "SVK-ch U16"]
[Site "Stara Lubovna"]
[Date "2022.05.23"]
[Round "4"]
[White "Jurky, Marian"]
[Black "Rak, Martin"]
[Result "0-1"]
[WhiteElo "1689"]
[BlackElo "1849"]
[PlyCount "71"]
[EventDate "2022.05.21"]
[EventType "swiss"]
[EventRounds "9"]
[EventCountry "SVK"]
[SourceTitle "CBM 208 Extra"]
[Source "ChessBase"]
[SourceDate "2022.07.31"]
[SourceVersion "1"]
[SourceVersionDate "2022.07.31"]
[SourceQuality "1"]

1. d4 Nf6 2. c4 e6 3. Nf3 d5 4. Bg5 h6 5. Bxf6 Qxf6 6. cxd5 exd5 7. e3 c6 8. Bd3 Bd6 9. Nbd2 Bf5 10. Qc2 Bxd3 11. Qxd3 0-0 12. 0-0 Re8 13. h3 Qe6 14. Rfe1 f5 15. Nf1 Nd7 16. N3d2 Nf6 17. f4 Ne4 18. Nxe4 fxe4 19. Qd2 Kh8 20. Nh2 h5 21. Qf2 c5 22. dxc5 Bxc5 23. Rac1 b6 24. Nf1 Qf6 25. Rcd1 Rad8 26. Kh1 g5 27. f5 g4 28. hxg4 hxg4 29. g3 Re5 30. Nh2 Rxf5 31. Qe2 Qh6 32. Qxg4 Rh5 33. Rd2 Bb4 34. Ree2 Bxd2 35. Rxd2 Rf8 36. Kg2 0-1

[Event "SVK-chT1W 2122"]
[Site "Slovakia"]
[Date "2022.04.23"]
[Round "8.8"]
[White "Rak, Martin"]
[Black "Kvassay, Peter"]
[Result "1-0"]
[WhiteElo "1849"]
[BlackElo "1935"]
[PlyCount "77"]
[EventDate "2021.11.06"]
[EventType "team-tourn"]
[EventRounds "11"]
[EventCountry "SVK"]
[SourceTitle "EXT 2023"]
[Source "ChessBase"]
[SourceDate "2022.10.05"]
[SourceVersion "1"]
[SourceVersionDate "2022.10.05"]
[SourceQuality "1"]
[WhiteTeam "Bratislava KSN"]
[BlackTeam "Povazska Bystrica"]
[WhiteTeamCountry "SVK"]
[BlackTeamCountry "SVK"]

1. e4 d5 2. exd5 Nf6 3. d4 Bg4 4. Be2 Bxe2 5. Nxe2 Qxd5 6. 0-0 Nc6 7. b3 0-0-0 8. Bb2 Nxd4 9. Qxd4 Qa5 10. Qc3 Qa6 11. Qf3 Ne8 12. c4 f6 13. Qe3 e5 14. Nbc3 Nd6 15. Rfd1 Re8 16. a4 Nf5 17. Qd3 Qe6 18. Qd5 c6 19. Qa5 Kb8 20. Rd8+ Rxd8 21. Qxd8+ Qc8 22. Qxc8+ Kxc8 23. Ba3 Bxa3 24. Rxa3 Kd7 25. Ra1 h5 26. Ne4 Ke7 27. Rd1 h4 28. f3 Rb8 29. Nc5 b6 30. Ne4 Ne3 31. Rd2 Nf5 32. Kf2 g5 33. c5 Ke6 34. g4 hxg3+ 35. hxg3 Ne7 36. Rd6+ Kf7 37. Rxf6+ Kg7 38. Re6 Nd5 39. Rxc6 1-0

[Event "SVK-ch Amateurs"]
[Site "Topolcany"]
[Date "2021.08.08"]
[Round "5"]
[White "Popovic, Martin"]
[Black "Rak, Martin"]
[Result "1-0"]
[WhiteElo "1946"]
[BlackElo "1666"]
[PlyCount "109"]
[EventDate "2021.08.06"]
[EventType "swiss"]
[EventRounds "7"]
[EventCountry "SVK"]
[SourceTitle "EXT 2022"]
[Source "ChessBase"]
[SourceDate "2021.10.06"]
[SourceVersion "1"]
[SourceVersionDate "2021.10.06"]
[SourceQuality "1"]

1. e4 e6 2. d4 d5 3. Nc3 Nf6 4. e5 Nfd7 5. f4 c5 6. Nf3 Nc6 7. Be3 cxd4 8. Nxd4 Bc5 9. Qd2 0-0 10. Bb5 Nxd4 11. Bxd4 Qb6 12. 0-0-0 a6 13. Bxd7 Bxd4 14. Qxd4 Qxd4 15. Rxd4 Bxd7 16. f5 exf5 17. Nxd5 Rae8 18. Nf4 Bc6 19. Re1 Be4 20. g4 Re7 21. gxf5 Bxf5 22. Nd5 Re6 23. Kd2 h6 24. c4 Rc8 25. b4 Ree8 26. c5 Kf8 27. Re3 Rcd8 28. a4 Bd7 29. Nb6 Bxa4 30. Rd6 Rxd6+ 31. cxd6 Bc6 32. Kc3 Re6 33. Kd4 f6 34. d7 fxe5+ 35. Rxe5 Rd6+ 36. Kc5 Rxd7 37. Nxd7+ Bxd7 38. Kd6 Bc6 39. Re7 g6 40. Ke6 Bb5 41. Rxb7 h5 42. Kf6 Ke8 43. Kxg6 h4 44. Kg5 h3 45. Kf6 Kd8 46. Ke6 Bf1 47. Kd6 Kc8 48. Rh7 Bg2 49. Kc5 Kd8 50. Kb6 Bf1 51. Ra7 Kc8 52. Rxa6 Bxa6 53. Kxa6 Kb8 54. Kb6 Kc8 55. Ka7 1-0

[Event "SVK-ch U14"]
[Site "Stara Lubovna"]
[Date "2021.06.29"]
[Round "5"]
[White "Rak, Martin"]
[Black "Elias, David"]
[Result "1-0"]
[WhiteElo "1587"]
[BlackElo "1877"]
[PlyCount "103"]
[EventDate "2021.06.26"]
[EventType "swiss"]
[EventRounds "9"]
[EventCountry "SVK"]
[SourceTitle "CBM 203 Extra"]
[Source "ChessBase"]
[SourceDate "2021.09.30"]
[SourceVersion "1"]
[SourceVersionDate "2021.09.30"]
[SourceQuality "1"]

1. e4 c5 2. Nf3 g6 3. d4 cxd4 4. Nxd4 Bg7 5. Nc3 Nc6 6. Be3 Nf6 7. f3 0-0 8. Qd2 d5 9. 0-0-0 dxe4 10. Nxc6 Qxd2+ 11. Rxd2 bxc6 12. Nxe4 Nd5 13. Bc5 Bh6 14. c4 Bxd2+ 15. Kxd2 f5 16. cxd5 fxe4 17. Bc4 Rf7 18. dxc6 e6 19. fxe4 Rc7 20. Bb5 Ba6 21. Ba4 Rd8+ 22. Ke3 Rf7 23. Rd1 Rxd1 24. Bxd1 Bc4 25. Bd6 Bb5 26. Bb3 Bxc6 27. Bxe6 Kg7 28. Be5+ Kf8 29. Bd6+ Kg7 30. Bxf7 Kxf7 31. Kd4 Ke6 32. Bc7 Bb7 33. g3 Bc6 34. b4 a6 35. e5 Bd5 36. a3 Bb3 37. Kc5 Kd7 38. Kb6 Bc4 39. a4 Bb3 40. b5 Bxa4 41. bxa6 Bc2 42. Kb7 h5 43. a7 h4 44. Kb8 Be4 45. Bd6 hxg3 46. hxg3 g5 47. a8Q Bxa8 48. Kxa8 g4 49. Kb7 Kd8 50. e6 Ke8 51. e7 Kd7 52. Bb4 1-0